Builders' Quality Mark to be launched (Record no. 66273)

MARC details
000 -LEADER
fixed length control field 01031cam a2200229 4500
001 - CONTROL NUMBER
control field WB3709-24
008 - FIXED-LENGTH DATA ELEMENTS--GENERAL INFORMATION
fixed length control field 000000n2001 000 0 eng u
035 ## - SYSTEM CONTROL NUMBER
System control number (Sirsi) u111229
245 ## - TITLE STATEMENT
Title Builders' Quality Mark to be launched
260 ## - PUBLICATION, DISTRIBUTION, ETC.
Date of publication, distribution, etc. 2001
490 ## - SERIES STATEMENT
Series statement Construction News
Volume/sequential designation (6705) 1 March 2001, 5(1)
490 ## - SERIES STATEMENT
Series statement DETR News Release
Volume/sequential designation (106) 28 February 2001, (2)
520 ## - SUMMARY, ETC.
Summary, etc. The government Quality Mark scheme for builders, aimed at cutting out cowboys, is to be launched to the public on 22 May 2001. Officials hope that 275 firms will achieve Quality Market status in the pilot areas in Birmingham and Somerset before the launch date, although concerns have been expressed that, even if this number is achieved, it will be insufficient to satisfy the expected number of enquiries from the public.
590 ## - LOCAL NOTE (RLIN)
Local note WB
650 ## - SUBJECT ADDED ENTRY--TOPICAL TERM
Topical term or geographic name entry element BUILDERS
650 ## - SUBJECT ADDED ENTRY--TOPICAL TERM
Topical term or geographic name entry element CONSTRUCTION FIRMS
650 ## - SUBJECT ADDED ENTRY--TOPICAL TERM
Topical term or geographic name entry element CONSTRUCTION INDUSTRY
650 ## - SUBJECT ADDED ENTRY--TOPICAL TERM
Topical term or geographic name entry element COWBOY BUILDERS
650 ## - SUBJECT ADDED ENTRY--TOPICAL TERM
Topical term or geographic name entry element QUALITY MARK
690 ## - LOCAL SUBJECT ADDED ENTRY--TOPICAL TERM (OCLC, RLIN)
Topical term or geographic name as entry element QUALITY ASSURANCE
942 ## - ADDED ENTRY ELEMENTS (KOHA)
Suppress in OPAC 0
Holdings
Withdrawn status Lost status Source of classification or shelving scheme Damaged status Not for loan Home library Current library Shelving location Date acquired Total Checkouts Full call number Barcode Date last seen Copy number Price effective from Koha item type
    Dewey Decimal Classification     London London News article 01/03/2001   WB3709-24 111229-1001 06/08/2019 1 06/08/2019 News article